| 000 | 01457nam a22003977a 4500 | ||
|---|---|---|---|
| 003 | CHAP | ||
| 005 | 20220329143400.0 | ||
| 008 | 090209s2008 mx r 00010 spa d | ||
| 010 | _a95781 | ||
| 011 | _a96753 | ||
| 035 | _a107409 | ||
| 040 | _cCHAP | ||
| 090 | _aTesis | ||
| 100 | 1 |
_aLópez Cartas, José David. _967751 |
|
| 245 | 1 | 0 |
_aEstablecimiento y multiplicación in vitro de Taxus globosa Schlecht _c/por José David López Cartas |
| 260 |
_aChapingo, Méx. : _bEl autor, _c2008 |
||
| 300 |
_aiv,32 h. : _bilus., cuadros |
||
| 502 | _aTesis (Ing. en Restauración Forestal) -- UACH. División de Ciencias Forestales | ||
| 530 | _aTambién disponible en línea | ||
| 590 |
_aALEPH _b10 _c20130110 _lUCH01 _h1526 |
||
| 590 |
_aBATCH-UPD _b10 _c20130110 _lUCH01 _h1424 |
||
| 590 |
_aBATCH-UPD _b10 _c20130410 _lUCH01 _h0905 |
||
| 590 |
_aBATCH-UPD _b10 _c20130914 _lUCH01 _h2042 |
||
| 590 |
_aBATCH-UPD _b10 _c20140324 _lUCH01 _h1509 |
||
| 590 |
_aBATCH-UPD _b10 _c20141002 _lUCH01 _h0838 |
||
| 590 |
_aCONVERSION _b10 _c20130109 _lUCH01 _h1353 |
||
| 650 | 1 | 4 |
_aAuxinas. _98437 |
| 650 | 1 | 4 |
_aCitocininas. _923484 |
| 650 | 1 | 4 |
_aTaxus globosa. _9111775 |
| 650 | 1 | 4 |
_aYemas. _9123070 |
| 856 |
_3Finding aid _uhttp://10.13.5.2/tesis/107409.pdf _zTeclea aqui |
||
| 901 | _aBK | ||
| 942 | _cFOLL | ||
| 949 |
_aTesis _bBC _cTES _d33724002085975 _eTS1 _gDonaciØn _h48660 _i107409 _sb |
||
| 949 |
_aTesis _bBC _cTES _d33724002086017 _eTS2 _fc.2 _gDonaciØn _h48661 _i107409 _sb |
||
| 999 |
_c95781 _d95781 |
||